TSPLOT Programm zur graphischen Darstellung von Zeitreihen

Gespeichert in:
Bibliographische Detailangaben
1. Verfasser: Ente, Werner
Weitere Verfasser: Kiesner, Christin
Format: Buch
Sprache:Deutsch
Veröffentlicht: Kiel Institut für Weltwirtschaft 1989
Schriftenreihe:Arbeitspapier Nr. 401
Tags: Tag hinzufügen
Keine Tags, Fügen Sie das erste Tag hinzu!

MARC

LEADER 00000nam a2200000 4500
001 c031936
005 20250526075331.4
041 0 |a ger 
044 |a DE 
245 1 0 |a TSPLOT  |b Programm zur graphischen Darstellung von Zeitreihen  |c Werner Ente, Christin Kiesner 
264 1 |a Kiel  |b Institut für Weltwirtschaft  |c 1989 
300 |a 40 s. 
490 1 |a Arbeitspapier  |v Nr. 401 
830 0 |a Arbeitspapier  |v Nr. 401 
100 1 |a Ente, Werner 
700 1 |a Kiesner, Christin